| 000 | 00544nam a2200169Ia 4500 | ||
|---|---|---|---|
| 008 | 220216s9999 xx 000 0 und d | ||
| 100 | _aKharbas Hrishikesh | ||
| 245 | 0 | _aEffects of nano-fillers and process conditions on the microstructure and mechanical properties of microcellular injection molded polyamide nanocomposites | |
| 260 |
_bPolymer Composites _c2003 |
||
| 300 | _a655-671 | ||
| 650 | _aNano-fillers | ||
| 700 | _aGong Shaoqin | ||
| 700 | _aNelson Paul | ||
| 700 | _aTurng Lih-Sheng | ||
| 700 | _aYuan Mingjun | ||
| 942 | _cJS | ||
| 999 |
_c58359 _d58359 |
||